=LDR 00000nam 2200000 4500 =001 NUTBA000000000005875 =005 20141112103310.0 =006 =007 =008 =020 ##$$a 978-979-678-381-6 =035 ##$$a 0010-111400000000354 =040 ##$$a NBPDMAT =090 ##$$a 590 $b Ari d =100 ##$$a Ari Wahyu Aryandi =245 ##$$a Dunia hewan/ $c Ari Wahyu Aryandi; editor, Irwan Kusdinar =260 ##$$a Bandung : $b Sarana Panca Karya Nusa, $c 2009 =300 ##$$a 64 hlm. : $b ilus. ; $c 29 cm. =500 ##$$a Bibliografi : hlm. 64 =650 ##$$a Binatang =700 ##$$a Irwan Kusdinar =850 ##$$a NBPDMAT